Histoire mondiale pour les nuls. - Statistiques

Statistiques générales
  • Ce quiz a été pris 36 124 fois
  • Le résultat moyen est 16 sur 20
Statistiques - réponses
Question Réponse % Correct
Dans quelle ville le Colisée a-t-il été construit entre 72 et 80 apr. J.-C.? Rome
96%
Qui a dirigé l'expédition espagnole vers le Nouveau Monde en 1492? Christophe Colomb
95%
Qui a peint "Mona Lisa"? Léonard de Vinci
94%
Quelle religion fut instaurée par Mahomet? Islam
93%
Quelle était la capitale de l'Union Soviétique? Moscou
93%
Quel pays a colonisé le Viêt Nam, l'Algérie, et une partie du Canada? France
90%
Sur quel continent les humains anatomiquement modernes auraient-ils évolué pour la première fois? Afrique
87%
De quelle ville provenaient Socrate, Périclès et Xénophon? Athènes
85%
Quel monument massif a été construit il y a plus de 4000 ans, très probablement comme une tombe pour le pharaon Khéops? La Grande Pyramide
84%
Quel style de musique jouaient Louis Armstrong et Miles Davis? Jazz
83%
Quel activiste portant un pagne est souvent considéré comme le "Père de la Nation" de l'Inde? Mahatma Gandhi
78%
En termes de dates, que veut dire av. J.-C. ? avant Jésus Christ
75%
Quel est le nom de la série de guerres dans lesquelles les Européens ont tenté de reprendre la Terre Sainte ? Les Croisades
71%
Quelle reine de France aurait dit "qu'ils mangent de la brioche" (mais ne l'a jamais dit)? Marie Antoinette
70%
Quel révolutionnaire avide de cigares fut le leader de Cuba de 1959 à 2008? Fidel Castro
69%
Qu'a "inventé" Johannes Gutenberg dans les années 1400, révolutionnant la façon dont l'information était transmise? Imprimerie
69%
Quel nom est communément donné à l'union entre l'Allemagne, le Japon, et l'Italie durant la Seconde Guerre mondiale? Axe
68%
Quel empire, fondé par Gengis Khan, a conquis la majeure partie de l'Asie? Empire mongol
64%
Dans quel pays moderne trouveriez-vous les ruines de Babylone? Irak
53%
Quel philosophe, aussi appelé "Maître Kong", est né en Chine vers 551 av. J.-C.? Confucius
40%
Aucun quiz correspondant
Distribution des résultats
% des personnes avec chaque résultat
Percentile par nombre de réponses
Votre historique - résultats
Vous n’avez pas pris ce quiz